Fundamental principles of irrigation and water power / (Record no. 376)
[ view plain ]
| 000 -LEADER | |
|---|---|
| fixed length control field | 00447cam a2200169ua 4500 |
| 003 - CONTROL NUMBER IDENTIFIER | |
| control field | OSt |
| 008 - FIXED-LENGTH DATA ELEMENTS--GENERAL INFORMATION | |
| fixed length control field | 241111b |||||||| |||| 00| 0 eng d |
| 041 ## - LANGUAGE CODE | |
| Language code of text/sound track or separate title | eng |
| 082 ## - DEWEY DECIMAL CLASSIFICATION NUMBER | |
| Classification number | 631.587 |
| Item number | PRI/FU |
| 100 ## - MAIN ENTRY--AUTHOR NAME | |
| Personal name | Priyani, V B . |
| 245 ## - TITLE STATEMENT | |
| Title | Fundamental principles of irrigation and water power / |
| 250 ## - EDITION STATEMENT | |
| Edition statement | 9 / |
| 260 ## - PUBLICATION, DISTRIBUTION, ETC. (IMPRINT) | |
| Place of publication | Anand : |
| Name of publisher | Charotar publishing house , |
| Year of publication | 1982. |
| 500 ## - GENERAL NOTE | |
| General note | 19121-23 Scheme |
| 700 1# - ADDED ENTRY--PERSONAL NAME | |
| Personal name | Rangwala, S C. |
| 942 ## - ADDED ENTRY ELEMENTS (KOHA) | |
| Koha item type | Books |
| Withdrawn status | Lost status | Damaged status | Home library | Current library | Date acquired | Full call number | Accession Number | Koha item type | Shelving location |
|---|---|---|---|---|---|---|---|---|---|
| KAUAET | 07/04/2012 | 627.5 | 19123 | Books | |||||
| KAUAET | 07/04/2012 | 627.5 | 19121 | Books | |||||
| KAUAET | 07/04/2012 | 627.5 | 19122 | Books | |||||
| KAUAET | KAUAET | 20/08/1986 | 627.5 | 15439 | Books | ||||
| KAUAET | KAUAET | 12/09/2018 | 627.5 PRI/FU | 19124 | Books | Scheme |
